000 00758nam a2200217Ia 4500
999 _c36366
_d36366
001 2278
003 GE_BSU
005 20190430123530.0
008 181216s2007||||ge |||||||||||||| ||geo||
020 _a9789941000089
040 _cGE_BSU
041 _ageo
080 _a616.8(075.8) მ–59
100 _aმეტრეველი, ლევან
_9537
245 _aფუნქციური ნეიროანატომიის საფუძვლები /
_bვუძღვნი ჩემ ვაჟიშვილ მიხეილს :
264 _aთბილისი,
_c2007.
300 _a369გვ.;
_b28სმ.
653 _aმედიცინა
653 _aნეიროანატომია
942 _cBK
_2udc